|
LDR
| 01819cam a2200541 i 4500 |
|---|
| 001 | 45885 |
|---|
| 003 | CZ-PrJAB |
|---|
| 005 | 20200219080413.0 |
|---|
| 007 | ta |
|---|
| 008 | 181008s2018 xr f 001 0 cze d |
|---|
| 015 | | . |
‡acnb003049147 |
|---|
| 020 | | . |
‡a978-80-7465-312-4
‡q(vázáno) |
|---|
| 035 | | . |
‡a(CZ PrNK)nkc20183049147 |
|---|
| 035 | | . |
‡a(OCoLC)1081367203 |
|---|
| 040 | | . |
‡aKLG001
‡bcze
‡dABA001
‡erda |
|---|
| 041 | 0 | . |
‡acze
‡beng |
|---|
| 072 | | 7. |
‡a17
‡xEtika. Morální filozofie
‡2Konspekt
‡95 |
|---|
| 080 | | . |
‡a17.024
‡2MRF |
|---|
| 080 | | . |
‡a17
‡2MRF |
|---|
| 080 | | . |
‡a101
‡2MRF |
|---|
| 080 | | . |
‡a177.6
‡2MRF |
|---|
| 080 | | . |
‡a177.7
‡2MRF |
|---|
| 080 | | . |
‡a159.95
‡2MRF |
|---|
| 080 | | . |
‡a(048.8)
‡2MRF |
|---|
| 100 | 1 | . |
‡aPacovská, Kamila
‡7jo2015871493
‡4aut |
|---|
| 245 | 1 | 0. |
‡aVina, láska, náhoda /
‡cKamila Pacovská |
|---|
| 264 | | 1. |
‡aČervený Kostelec :
‡bPavel Mervart,
‡c2018 |
|---|
| 300 | | . |
‡a289 stran ;
‡c21 cm |
|---|
| 336 | | . |
‡atext
‡btxt
‡2rdacontent |
|---|
| 337 | | . |
‡abez média
‡bn
‡2rdamedia |
|---|
| 338 | | . |
‡asvazek
‡bnc
‡2rdacarrier |
|---|
| 504 | | . |
‡aObsahuje bibliografii, bibliografické odkazy a rejstřík |
|---|
| 546 | | . |
‡aAnglické resumé |
|---|
| 650 | 0 | 7. |
‡avina
‡7ph127104
‡xetické a morální aspekty
‡2czenas |
|---|
| 650 | 0 | 7. |
‡avina
‡7ph127104
‡xfilozofické pojetí
‡2czenas |
|---|
| 650 | 0 | 7. |
‡aláska
‡7ph117230
‡xetické a morální aspekty
‡2czenas |
|---|
| 650 | 0 | 7. |
‡aláska
‡7ph117230
‡xfilozofické pojetí
‡2czenas |
|---|
| 650 | 0 | 7. |
‡aodpovědnost
‡7ph123697
‡2czenas |
|---|
| 650 | 0 | 7. |
‡alidské chování
‡7ph117221
‡2czenas |
|---|
| 650 | 0 | 9. |
‡aguilt
‡xethical and moral aspects
‡2eczenas |
|---|
| 650 | 0 | 9. |
‡aguilt
‡xphilosophical approach
‡2eczenas |
|---|
| 650 | 0 | 9. |
‡alove
‡xethical and moral aspects
‡2eczenas |
|---|
| 650 | 0 | 9. |
‡alove
‡xphilosophical approach
‡2eczenas |
|---|
| 650 | 0 | 9. |
‡aresponsibility
‡2eczenas |
|---|
| 650 | 0 | 9. |
‡ahuman behavior
‡2eczenas |
|---|
| 655 | | 7. |
‡amonografie
‡7fd132842
‡2czenas |
|---|
| 655 | | 9. |
‡amonographs
‡2eczenas |
|---|
| 910 | | . |
‡aABG312 |
|---|
| 995 | | . |
‡aska |
|---|
| 901 | | . |
‡a45885
‡bCZ-PrJAB
‡c45885
‡tbiblio |
|---|